О выдаче литературы на 3-й Сессии ЦИК СССР 7-го созыва

Доступно только в Электронных читальных залах Найти на картеНа карте
RUSMARC
00003936nmc2a22002533x 450
001ab50444e-7a0c-4ac2-b9ca-f5ce782eca58
00520210719194312.0
100##$a20210612l1937 k y0rusy50 ca
1010#$arus
102##$aRU
105##$aa z |||||
1220#$ad19370109
2001#$aО выдаче литературы на 3-й Сессии ЦИК СССР 7-го созыва
$j09.01.1937
215##$a53 листа
$cтабл.
251##$cДело
300##$aЧасть текста рукописная и машинописная, часть - напечатана типографским способом
330##$aВходит в раздел описи: VII-й Съезд Советов. 3-я Сессия ЦИК СССР
461#0$1001796d4672-8a00-4986-b488-6e42273792cc
$12001
$aЦЕНТРАЛЬНЫЙ ИСПОЛНИТЕЛЬНЫЙ КОМИТЕТ СССР (ЦИК СССР)
$1251
$cФонд
$1852
$j3316
$gР
462#0$10012246e4af-064a-4b66-b386-cae0ddb7fb2d
$12001
$aДела 7-го Съезда Советов и 1-й, 2-й, 3-й, 4-й Сессий 7-го созыва. 1935-1937 гг.
$vД. 192
$1251
$cОпись
$1852
$j7
60101$3RU\NLR\AUTH\880357276
$aСССР
$bЦИК
60102$3RU\NLR\AUTH\880399377
$aСССР
$bЦИК
$bСозыв
$c7
$bСессия
$d3
801#0$aRU
$bGA_RF
801#1$aRU
$bГлавНИВЦ
$c20210612
$2rusmarc
801#2$aRU
$bПБ им. Б.Н. Ельцина
$c20210719
$gRCR
$2rusmarc
852##$aГА РФ
$j192
937##$d166423490
$hГАРФ
035##$aRuPRLIB51060644
856##$uhttp://readingroom.main.prlib.ru/item.aspx?id_node=n166423490&mode=full
Формат отображения